Digital Bank

Uloženo v:
Podrobná bibliografie
Hlavní autor: Chris Skinner
Médium: Kniha
Vydáno: Embassy Books
Témata:
Tagy: Přidat tag
Žádné tagy, Buďte první, kdo vytvoří štítek k tomuto záznamu!

MARC

LEADER 00000nam a2200000Ia 4500
005 20260427112730.0
526 |b FinTech 
100 |a Chris Skinner 
020 |a 9789386450364 
650 |a Digital Banking 
526 |a Masters 
942 |c BK 
245 |a Digital Bank 
260 |b Embassy Books 
999 |c 127  |d 127 
952 |0 0  |1 0  |4 0  |7 0  |8 3  |a BRISTOL  |b BRISTOL  |d 2026-04-22  |l 0  |p 000083  |r 2026-04-27 11:27:30  |w 2026-04-27  |y BK